| 000 | 01094cam a2200313 i 4500 | ||
|---|---|---|---|
| 001 | 42603 | ||
| 003 | Mx-PuUPA | ||
| 005 | 20221013121302.0 | ||
| 008 | 140415s2018 mx gr 000 0 spa d | ||
| 020 | _a9786078557202 | ||
| 040 |
_aMx-PuUPA _bspa _cMx-PuUPA _dMx-PuUPA _erda |
||
| 041 | 1 |
_aspa _heng |
|
| 100 | 1 |
_913406 _aWegemer, Gerard, _d1950- _eautor |
|
| 240 | 1 | 0 |
_aThomas more on statesmanship. _lEspañol |
| 245 | 1 | 0 |
_aGobernar : _bla visión del estadista de Tomás Moro / _cGerard B. Wegemer |
| 250 | _aPrimera edición | ||
| 264 | 1 |
_aMéxico : _bEditorial Font, _c2018 |
|
| 300 |
_a319 páginas ; _c21 cm |
||
| 336 |
_2rdacontent _atexto _btxt |
||
| 337 |
_2rdamedia _asin medio _bn |
||
| 338 |
_2rdacarrier _avolumen _bnc |
||
| 600 | 1 | 4 |
_aTomás Moro, _cSanto _d1478 - 1535 _xCrítica e interpretación |
| 600 | 1 | 4 |
_aTomás Moro, _cSanto, _d1478 - 1535 _xUtopía |
| 650 | 7 |
_2armarc _aCiencias políticas |
|
| 942 |
_2ddc _cLI _h321.07 _iW45 |
||
| 999 |
_c42603 _d42603 |
||